Middlesex
Uloženo v:
| Hlavní autor: | |
|---|---|
| Médium: | Kniha |
| Jazyk: | angličtina |
| Vydáno: |
Nueva York
Farrar, Straus and Giroux
2002
|
| Vydání: | 1a. ed |
| Témata: | |
| Tagy: |
Přidat tag
Žádné tagy, Buďte první, kdo vytvoří štítek k tomuto záznamu!
|
MARC
| LEADER | 00000cam a2200000 a 4500 | ||
|---|---|---|---|
| 001 | UCE0768 | ||
| 003 | CL-VaPUC | ||
| 008 | 140307e20020000us |||||||||||||||||eng|d | ||
| 020 | |a 9780312427733 | ||
| 082 | 0 | 4 | |a 813 |b EUG |2 21 |
| 100 | 0 | |a Eugenides, Jeffrey |e author |9 573119 | |
| 245 | 1 | 0 | |a Middlesex |
| 250 | |a 1a. ed | ||
| 300 | |a 529 p | ||
| 942 | |c BK | ||
| 945 | |d 20140307 11:03:00 |a dcastane | ||
| 260 | |a Nueva York |b Farrar, Straus and Giroux |c 2002 | ||
| 650 | 0 | |a Novelas estadounidenses |9 265217 | |
| 650 | 0 | |a Literatura estadounidense |9 317168 | |
| 583 | |a last modification |c 20140307 11:03:00 |k Rodrigo Vera | ||
| 999 | |c 354797 |d 354795 | ||
| 952 | |0 0 |1 0 |3 erb |4 0 |6 813_000000000000000_EUG_2002 |7 0 |8 A |9 460982 |a BIBEDU |b BIBEDU |i 5018641 |l 1 |o 813 EUG 2002 |p 5018641 |r 2023-04-24 |s 2023-04-19 |w 2019-11-23 |y BK |z Catalogado en:20140307 |k LIT | ||